1989 1015 1575 1698 1221 1608 1250 1914 1749 1808 1170 1474 1731 1577 1649 1426 1536 1685 1158 1940 1768 1346 1407 1632 1330 1147 1844 1950 1059 1235 1976 1346 1103 1623 1414 1641 1111 1199 1246 1674 1271 1077 1442 1689 1553 1210 1585 1041 1588 1950 1227 1184 1577 1857 1215 1401 1351 1602 1505 1295 1215 1588 1062 1488 1293 1654 1028 1859 1222 1429 1246 1926 1308 1390 1819 1872 1191 1834 1088 1906 1760 1902 1397 1393 1475 1057 1653 1318 1511 1774 1394 1363 1105 1840 1520 1574 1305 1067 1235 BCNSPRNW ULIB Ver.6.0+V

เปลี่ยนเป็นภาษาไทย

Change to English
 แสดงรายละเอียดบรรณานุกรม
  กลับหน้าหลัก

Brief Record : Get Marc (ISO 2709) : E-mail record : QR code < ปิดหน้าต่าง
LEADER : 00000nam 2200000uu 4500
001    13399121902
003     ULIB
008    121213s||||||||th 000 0 tha d
020    ^a9748316521
020    9789748316529
060 04 ^aWO192^bก817ค 2548
100 0  ^aเกษียร ภังคานนท์
245 10 ^aคู่มือผ่าตัดเล็ก /^cโดยเกษียร ภังคานนท์, บรรณาธิการ,ประเวศ วะสี
250    ^aพิมพ์ครั้งที่ 14
260    ^aกรุงเทพฯ :^bหมอชาวบ้าน,^c2548
300    ^a(15), 429 หน้า :^bภาพประกอบ ;^c21 ซม.
650  7 ^aศัลยกรรมน้อย^vคู่มือ
650  7 ^aศัลยศาสตร์
700 0  ^aประเวศ วะสี,^d2474- ,^eบรรณาธิการ
945    ^p250^l0^i24366
995    ^aทศพร
999    ^aทศพร เกษรทอง
รายการนี้ยังไม่มีแท็ก
คุณยังไม่ได้ล็อกอิน คุณสามารถมีกิจกรรมร่วมกับเว็บไซต์ได้ แต่ต้องล็อกอินก่อน ::
  ล็อกอิน

รายการสื่อสารสนเทศ

ลำดับที่ ประเภท เลขเรียก/บาร์โค้ด สถานที่ สถานะ
1. วิทยาศาสตร์การแพทย์ และสุขภาพ
วิทยาศาสตร์การแพทย์ และสุขภาพ
WO192 ก817ค 2548 ฉ.1 
  Barcode: 24366
ห้องสมุดวิทยาเขตสวรรค์ประชารักษ์
►หนังสือทั่วไป
บนชั้น

รายการใกล้เคียง
    ผู้แต่ง [เกษียร ภังคานนท์]

    หัวเรื่อง [ศัลยศาสตร์]

BibComment


ยังไม่เคยถูกคอมเมนท์

คอมเมนท์ทรัพยากรรายการนี้
  คอมเมนท์: คู่มือผ่าตัดเล็ก..


 Copyright 2026. Bcnsprnw @Library